| 000 | 00703nam a2200241Ia 4500 | ||
|---|---|---|---|
| 008 | 160319s9999 xx 000 0 und d | ||
| 020 | _a971-898900-5 | ||
| 050 | _aFIL JQ 1429.P5 | ||
| 050 | _b.T46 2000 | ||
| 100 | _aTendero, Avelino P. | ||
| 245 | _aTheory and practice of public administration in the Philippines / | ||
| 245 | _cAvelino P. Tendero. | ||
| 250 | _aRevised Edition | ||
| 260 | _aManila: | ||
| 260 | _bFiscal Administration Foundation, Inc., | ||
| 260 | _c2000 | ||
| 300 | _a433 pages : | ||
| 300 | _billustrations ; | ||
| 300 | _c22 cm. | ||
| 500 | _aIncludes index. | ||
| 650 | _aPublic administration -- Philippines. | ||
| 650 | _xAdministrative law -- Philippines. | ||
| 999 |
_c291558 _d291558 |
||